000 00441nam a2200157 a 4500
001 000013817
005 20200929163347.0
008 091130s1960 dr 001 0 spa d
040 _aDO-SdBNP
_bspa
_cBNPHU
082 _axxxx
_bM967p
100 1 _aMuñoz Marte, Emilio Antonio
_929462
245 1 0 _aProsario / :
_bEmilio Antonio Muñoz Marte.
300 _a50 p. ;
_c23 cm.
500 _aIncluye notas al pie de las páginas
049 _aBNPD
999 _c13429
_d13429